000 00818nam a2200253 a 4500
001 BRL_117
005 20190320210610.0
008 151012s19uu----mx-a######---#000-0#spa-#
041 _aspa
044 _amx
050 4 _aF1233.5
_b.C37 1900
100 1 _aCasasola, Gustavo
_d1900-1982
_922957
245 1 0 _aMéxico de ayer ´efemérides ilustradas´ e ´historia gráfica de la Revolución´
_cGustavo Casasola, Miguel V. Casasola, Piedad Casasola.
260 _aMéxico
_bArchivo Casasola
_c[19-?]
300 _a96 p.
_bil.
_c28 cm.
500 _aAu135
651 4 _aMéxico
_xHistoria
_9614
651 4 _aMéxico
_xRevolución Mexicana
_z1900-1901
_922958
651 4 _aMéxico
_xEfemérides
_922959
700 1 _aCasasola, Miguel V.
_922960
700 1 _aCasasola, Piedad
_922961
902 _aGRL
942 _2lcc
_cB
999 _c8930
_d8930